| 000 | 00473 a2200193 4500 | ||
|---|---|---|---|
| 003 | Nust | ||
| 005 | 20170207153541.0 | ||
| 010 | _a66016127 | ||
| 020 | _a9971512351 | ||
| 040 | _cNust | ||
| 082 | _a621.3851 | ||
| 100 | _aKuo, Franklin F. | ||
| 245 |
_aNetwork analysis and synthesis _cFranklin F. Kuo |
||
| 250 | _a2nd ed | ||
| 260 |
_aWiley _bNew York _c1966 |
||
| 300 |
_axvii, 515p _billus _c24cm |
||
| 600 | _aKuo, Franklin F. | ||
| 650 | _aNetwork analysis and synthesis | ||
| 942 |
_2ddc _cBK |
||
| 999 |
_c188398 _d188398 |
||